|
|
|
|
| LEADER |
01564nam a2200421Ia 4500 |
| 001 |
EBC3339032 |
| 003 |
MiAaPQ |
| 005 |
20200520144314.0 |
| 006 |
m o d | |
| 007 |
cr cn||||||||| |
| 008 |
081006s2009 mau sb 001 0 eng d |
| 010 |
|
|
|z 2008042146
|
| 020 |
|
|
|z 9780262012751 (hardcover : alk. paper)
|
| 020 |
|
|
|z 9780262512374 (pbk. : alk. paper)
|
| 035 |
|
|
|a (MiAaPQ)EBC3339032
|
| 035 |
|
|
|a (Au-PeEL)EBL3339032
|
| 035 |
|
|
|a (CaPaEBR)ebr10310034
|
| 035 |
|
|
|a (CaONFJC)MIL224012
|
| 035 |
|
|
|a (OCoLC)428700159
|
| 040 |
|
|
|a MiAaPQ
|c MiAaPQ
|d MiAaPQ
|
| 050 |
|
4 |
|a HD9000.5
|b .C67 2009
|
| 082 |
0 |
4 |
|a 382/.41
|2 22
|
| 245 |
0 |
0 |
|a Corporate power in global agrifood governance
|h [electronic resource] /
|c edited by Jennifer Clapp and Doris Fuchs.
|
| 260 |
|
|
|a Cambridge, MA :
|b MIT Press,
|c c2009.
|
| 300 |
|
|
|a xix, 308 p.
|
| 490 |
1 |
|
|a Food, health, and the environment
|
| 504 |
|
|
|a Includes bibliographical references and index.
|
| 533 |
|
|
|a Electronic reproduction. Ann Arbor, MI : ProQuest, 2015. Available via World Wide Web. Access may be limited to ProQuest affiliated libraries.
|
| 650 |
|
0 |
|a Farm produce
|x Marketing.
|
| 650 |
|
0 |
|a Agricultural industries.
|
| 650 |
|
0 |
|a International business enterprises.
|
| 650 |
|
0 |
|a Globalization.
|
| 655 |
|
4 |
|a Electronic books.
|
| 700 |
1 |
|
|a Clapp, Jennifer,
|d 1963-
|
| 700 |
1 |
|
|a Fuchs, Doris A.
|
| 710 |
2 |
|
|a ProQuest (Firm)
|
| 830 |
|
0 |
|a Food, health, and the environment.
|
| 856 |
4 |
0 |
|u https://ebookcentral.proquest.com/lib/matrademy/detail.action?docID=3339032
|z Click to View
|